000 00970nam a2200277 a 4500
001 000046761
005 20201002053114.0
008 180322s2012 dr ac 000 0 spa d
020 _a9789945412833
040 _aDO-SdBNP
_bspa
_cBNPHU
041 1 _aeng.
082 _axxxx
_bxxx
100 1 _aAllen, Carl
_974720
245 1 3 _aEl metro and the impacts of transportation system integration in Santo Domingo, Dominican Republic /
_cCarl Allen ; prefacio Natasha Despotovic, Kerry Stefancyk.
260 _aSanto Domingo :
_bFUNGLODE,
_c2012.
300 _a79 p. ; :
_bil. retrs. ;
_c21 cm.
490 1 _aResearch and ideas ;
490 1 _aUrban development ;
500 _aIncluye datos biografícos de la autor.
504 _aBibliografía p: 68-76
590 _aInventariado, 2018/ YL
700 1 _aDespotovic, Natasha
_epref.
_974370
700 1 _aStefancyk, Kerry
_epref.
_974721
830 0 _aResearch and ideas
_974722
830 0 _aUrban development
_974723
999 _c46250
_d46250